The industrial craftsworker : skill, managerial strategies, and workplace relationships
Αποθηκεύτηκε σε:
| Κύριος συγγραφέας: | |
|---|---|
| Μορφή: | Βιβλίο |
| Γλώσσα: | English |
| Δημοσίευση: |
New York :
Mansell,
c1996
|
| Σειρά: | Employment and work relations in context
|
| Θέματα: | |
| Ετικέτες: |
Προσθήκη ετικέτας
Δεν υπάρχουν, Καταχωρήστε ετικέτα πρώτοι!
|
MARC
| LEADER | 00000nam a2200000 i 4500 | ||
|---|---|---|---|
| 001 | 1/80924 | ||
| 008 | 990514s1996 eng d | ||
| 020 | |a 0-7201-2264-3 | ||
| 035 | |l 10050763 | ||
| 040 | |a GR-MY-UA |b gre |e aacr | ||
| 041 | 0 | |a eng | |
| 082 | 0 | |a 331.762920941 | |
| 100 | 1 | |a Cook, Peter |d 1946- | |
| 245 | 1 | 4 | |a The industrial craftsworker : |b skill, managerial strategies, and workplace relationships / |c Peter Cook |
| 260 | |a New York : |b Mansell, |c c1996 | ||
| 300 | |a 336 p. | ||
| 490 | 1 | |a Employment and work relations in context | |
| 504 | |a Includes bibliographical references and index | ||
| 650 | 0 | 0 | |a Automobile industry workers |z Great Britain. |
| 650 | 0 | 0 | |a Automobile industry workers |z United States. |
| 650 | 0 | 0 | |a Skilled labor |z Great Britain. |
| 650 | 0 | 0 | |a Skilled labor |z United States. |
| 830 | 0 | |a Employment and work relations in context | |
| 852 | |a INST |b LESVOS |e 19990514 |h 331.762920941 COO |p 005100016311 |q 005100016311 |t BK |y 0 | ||
| 901 | |a BIBL1-1999-2 | ||
| 909 | |a Λ |b 061623 | ||
| 922 | |a 1ΕΛΗ |b 199812 |c ΚΠΣ/ΤΚ |d ΠΑΠΑΣΩΤΗΡΙΟΥ | ||
| 950 | |a 103-1998-07-27 | ||